000 00782nam a2200241 a 4500
001 15376
003 CO-ViMGA
008 141112s2004 ck r 000 u spa d
020 _a958927224X
040 _aCO-ViMGA
_bspa
_cCO-ViMGA
082 0 4 _a338.91 S371
100 1 _aSerbin, Andres; Gonzalez, Guadalupe; Del Castillo, Gustavo
_922347
245 1 0 _aEl grupo de los TR3S :
_bTRES :
_bPolíticas de integración
260 _aBogotá,
_cFescol,
_c1992
300 _a319.p.
650 1 4 _aGRUPO DE LOS TRES
650 1 4 _aINTEGRACION ECONOMICA
_97226
650 1 4 _aRELACIONES COMERCIALES - COLOMBIA
_922348
650 1 4 _aRELACIONES COMERCIALES - MEXICO
_922349
650 1 4 _aRELACIONES COMERCIALES - VENEZUELA
_922350
650 1 4 _aTRATADOS COMERCIALES
_922351
942 _2ddc
_cBK
999 _c25713
_d25713